00422cam a2200145 a 4500020001800000082001400018100001800032245004100050250001200091260006500103300002600168500002000194650004100214700002100255 a978019806334600a541.3 ATK1 aAtkins, P. W.10aElements of physical chemistry / 5ed a5th ed. aNew York :bW.H. Freeman :bOxford University Press,cc2005. axix, 627 p. :bill. ; aIncludes index. 0aChemistry, Physical and theoretical.1 aDe Paula, Julio.